Fifty readings in philosophy

Bibliographic Details
Main Author: Abel, Donald C
Format: Book
Published: New York : McGraw-Hill , 1994
Subjects:

MARC

LEADER 00000cam a2200000 7i4500
001 0000003087
002 000003340
005 20000330.0
020 |a 0070515182 
090 0 0 |a 101   |b ABE 
100 1 |a Abel, Donald C 
245 1 0 |a Fifty readings in philosophy   |c Donalds C.Abel 
260 |a New York :   |b McGraw-Hill ,   |c 1994 
300 |a 489p. ;   |c 23cm. 
650 0 0 |a Philosophy 
999 |a 036645   |b BUKU   |c PINJAMAN   |e PERPUSTAKAAN KOMUNITI PETALING JAYA